| 000 | 01291nam a2200337 a 4500 | ||
|---|---|---|---|
| 001 | |||
| 003 | DO-SdBNP | ||
| 005 | 20211229091932.0 | ||
| 008 | 090615s2008 dr 001 0 spa d | ||
| 020 | _a9789945001167 | ||
| 040 |
_aDO-SdBNP _bspa _cBPMSU |
||
| 082 |
_a346.016 _bB171c 2008 _222 |
||
| 100 | 1 |
_a Balaguer, Joaquín, _d1906-2002 _92 |
|
| 245 | 1 | 0 |
_aCátedras magistrales : _blos regímenes matrimoniales, las sucesiones legales / _cJoaquín Balaguer ; edición Cándido Gerón. |
| 260 |
_aSanto Domingo : _bFundación Joaquín Balaguer, _c2008. |
||
| 300 |
_a357 p. ; _c23 cm. |
||
| 500 | _aIncluye datos biográficos del autor en las solpas | ||
| 500 | _aIncluye referencias bibliográficas y notas al pie de las páginas. | ||
| 505 | 0 |
_tLos regímenes matrimoniales -- _tLas sucesiones legales. |
|
| 563 | _aTres títulos encuadernado juntos con paginación continua | ||
| 590 | _aInventariado,2021/VM | ||
| 650 | 4 | _aDerecho civil | |
| 650 | 4 | _aDerecho de familia | |
| 650 | 4 |
_aHerencia y sucesión _zRepública Dominicana |
|
| 700 | 1 |
_aGerón, Candido, _d1950- _eed. |
|
| 710 | 2 | _aFundación Joaquín Balaguer (República Dominicana) | |
| 740 | _aLos regímenes matrimoniales | ||
| 740 | _aLas sucesiones legales | ||
| 910 | _aVMateo V. | ||
| 942 |
_2ddc _cBK |
||
| 999 |
_c13931 _d13931 |
||